000 00625nam a22002417a 4500
003 UA-OsUOA
001 527
007 ta
008 20050607b un ||||| |||| 00| 0 ukr d
100 _aГулинская З. К.
090 _a929
_bГ94
942 _cBK
040 _aUA-OsUOA
_brus
_cUA-OsUOA
_dUA-OsUOA
245 _aНиколай Яковлевич Мясковский
300 _a188 с.
955 _a0
041 _arus
080 _a929
260 _aМ.
_bМузыка
_c1985
250 _n2-ге вид.
650 7 _a9 Географія. Біографії. Історія
_2UDC
999 _c286699
_d286699